000 00951nam a22002537a 4500
005 20251108174521.0
008 250721s2007 xx 000 0 ara d
020 _a9960970523
082 1 4 _aم/028/سوي
100 1 _aالسويدلن، طارق محمد
_eمؤلف
245 1 0 _aصناعة الثقافة : تعريفها, قواعدها, خصائصها, مصادرها, أزماتها, صناعتها, و أهم دور النشر و المكتبات و الصوتيات /
264 1 _aالكويت :
_bشركة الإبداع الفكري،
_c2007.
300 _a170 ص.
490 0 _aصناعة الثقافة
_v1
650 1 7 _aالثقافه
650 1 7 _aالقرااه
650 1 7 _aتشجيع القرااه
650 1 7 _aتعليم القرااه
650 1 7 _aالمكتبات
650 1 7 _aمراكز المعلومات
700 1 _aباشراحيل، فيصل عمر
_eمؤلف
942 _2ddc
_cREF
999 _c111207
_d111207